| 000 | 00583nam a2200217 a 4500 | ||
|---|---|---|---|
| 999 |
_c10504 _d10504 |
||
| 001 | 10504 | ||
| 003 | BD-JhCC | ||
| 005 | 20180430180931.0 | ||
| 008 | 180430s1959 nbu |||| |||| 000 0 eng d | ||
| 035 | _a(BD-JhCC)10504 | ||
| 040 |
_aBD-JhCC _dBD-JhCC |
||
| 041 | _aeng | ||
| 082 |
_a823.8 _bROB 1959 |
||
| 100 | _aRoberts, James L. | ||
| 245 |
_aDavid Copperfield : _bnotes / _cJames L. Roberts, |
||
| 260 |
_aUSA : _bCliff's notes, _c1959 |
||
| 300 |
_a89 p. : _c21 cm. |
||
| 504 | _aIncludes bibliography | ||
| 650 | _aDavid Copperfield (Dickens, Charles) | ||
| 942 |
_2ddc _cBK |
||